000 00511 a2200181 4500
003 OSt
005 20240207122249.0
008 240207b |||||||| |||| 00| 0 eng d
020 _a8188018627
040 _coclc
082 _a894.8124
_bPAR/P
100 _aParambil, Latheef
_97883
245 _aPriyapetta M T /
_c Latheef Parambil
250 _a1st ed.
260 _aKozhikode:
_bLIPI Publications,
_c2015.
300 _a328p.
942 _2ddc
_cBK
_h894.8124
_iPAR/P
_k894.8124
_mPAR/P
999 _c44349
_d44349